| 000 | 00532nam a2200169 a 4500 | ||
|---|---|---|---|
| 999 |
_c5754 _d5754 |
||
| 001 | 5754 | ||
| 003 | CDMR | ||
| 005 | 20240222154206.0 | ||
| 008 | 130130s ||||||||||||||||||||||||||||d | ||
| 040 |
_aCDMR _bcat _cCDMR |
||
| 110 | 2 |
_9133 _aCol·legi de Periodistes de Catalunya |
|
| 245 | 0 |
_aEstatut-Marc de redacció _c/ Col·legi de Periodistes de Catalunya |
|
| 260 |
_a[Barcelona] : _bCol·legi de Periodistes de Catalunya, _c[1991] |
||
| 300 | _a28 pàgines | ||
| 650 | 0 |
_9983 _aÈtica periodística _zCatalunya |
|
| 942 |
_cFULLET _2udc |
||